006900000a22001930004500003001100000005001700011008004100028040003900069041000800108082001500116100002200131245009500153260007200248300004800320490002700368650002500395650003700420650003900457LK-CoMWRAF20240701104717.0230817t1992 ||||| |||| 00| 0 eng d aLK-CoMWRAFdLK-CoMWRAFeLK-CoMWRAF aeng a362.5bKOT aKottegoda, Sepali aThe janasaviya poverty alleviation programme and women:ba case study from Palenda village aColombo:b Women's Education and Research Centre publication,c1992 a 39, [16] p. ; 29 cmbBibliography included aPublication no.37/E 16 aPoor women-Sri Lanka aRural women- Economic conditions aRural women- Employment- Sri Lanka